Aspects of business enterprise

সংরক্ষণ করুন:
গ্রন্থ-পঞ্জীর বিবরন
বিন্যাস: গ্রন্থ
ভাষা:Undetermined
প্রকাশিত: Eindhoven N. V. Philips Gloeilampenfabrieken 1973
বিষয়গুলি:
ট্যাগগুলো: ট্যাগ যুক্ত করুন
কোনো ট্যাগ নেই, প্রথমজন হিসাবে ট্যাগ করুন!
Thư viện lưu trữ: Trung tâm Học liệu Trường Đại học Cần Thơ
LEADER 00427nam a2200157Ia 4500
001 CTU_86718
008 210402s9999 xx 000 0 und d
082 |a 658 
082 |b A838 
245 0 |a Aspects of business enterprise 
260 |a Eindhoven 
260 |b N. V. Philips Gloeilampenfabrieken 
260 |c 1973 
650 |a General management 
904 |i Năm 
980 |a Trung tâm Học liệu Trường Đại học Cần Thơ